Những vấn đề lịch sử và văn chương triều Nguyễn

সংরক্ষণ করুন:
গ্রন্থ-পঞ্জীর বিবরন
প্রধান লেখক: Nguyễn, Phong Nam
বিন্যাস: গ্রন্থ
ভাষা:Undetermined
প্রকাশিত: Hà Nội Giáo Dục 1997
বিষয়গুলি:
ট্যাগগুলো: ট্যাগ যুক্ত করুন
কোনো ট্যাগ নেই, প্রথমজন হিসাবে ট্যাগ করুন!
Thư viện lưu trữ: Trung tâm Học liệu Trường Đại học Cần Thơ
LEADER 00705nam a2200229Ia 4500
001 CTU_37026
008 210402s9999 xx 000 0 und d
020 |b 38.000đ 
020 |c 38000 
082 |a 809 
082 |b N104 
100 |a Nguyễn, Phong Nam 
245 0 |a Những vấn đề lịch sử và văn chương triều Nguyễn 
245 0 |c Nguyễn Phong Nam chủ biên...[et al.] 
260 |a Hà Nội 
260 |b Giáo Dục 
260 |c 1997 
650 |a Vietnamese literature,Vietnamese literature 
650 |x History and criticism 
650 |y 19th century 
904 |i Minh, 000617 
980 |a Trung tâm Học liệu Trường Đại học Cần Thơ